| 000 | 00000nam 2200000za 4500 |
| 001 | 9.643919 |
| 003 | CaOODSP |
| 005 | 20240624082235 |
| 007 | cr ||||||||||| |
| 008 | 150407|1928||||xxc|||||o f|0| 0 fre d |
| 040 | |aCaOODSP|bfre |
| 043 | |an-cn--- |
| 086 | 1 |aCP32-130/1928F-PDF |
| 245 | 00|aRapport de la Commission royale - rétrocession de certaines terres à la Colombie Britannique |h[ressource électronique] : |bconformément à l'arrêté en conseil du 8 mars 1927 / |cW.M. Martin, commissaire. |
| 260 | |aOttawa : |bBureau du Conseil privé, |c1928. |
| 300 | |a58 p. |
| 500 | |aPublication historique numérisée en 2012 par le Bureau du Conseil privé du Canada. |
| 590 | |a15-04-Supp|b2015-03-19 |
| 691 | 07|aAccord fédéral-provincial|2gcpds |
| 691 | 07|aCommission d'enquête|2gcpds |
| 691 | 07|aImmobilier|2gcpds |
| 710 | 1 |aCanada. |bBureau du Conseil privé. |
| 775 | 08|tReport of the Royal Commission - reconveyance of land to British Columbia |w(CaOODSP)9.699949 |
| 856 | 40|ahttp://publications.gc.ca|qPDF|s7.20 Mo|uhttps://publications.gc.ca/collections/collection_2014/bcp-pco/CP32-130-1928-fra.pdf |